| 000 -LEADER |
| fixed length control field |
00804nam a22001337a 4500 |
| 040 ## - CATALOGING SOURCE |
| Transcribing agency |
RUA |
| 082 ## - DEWEY DECIMAL CLASSIFICATION NUMBER |
| Classification number |
AVM LAY 2002 B072 Or.1 |
| 100 ## - MAIN ENTRY--AUTHOR NAME |
| Personal name |
LAY, YON. |
| 245 ## - TITLE STATEMENT |
| Title |
Effect of supplementation of amaranth on feed concentrates by fattenning ping at rith-dy station in toul kok district, phnom penh, ប្រសិទ្ធភាពនៃការប្រើប្រាស់ផ្ទីដូងបន្ថែមលើចំណីផ្សំសំរាប់ជ្រូកសាច់នៅស្ថានីយ៏ រទ្ធី-ឌី ខ៏ណ្ឌទួលគោក រាជធានីភ្នំពេញ |
| 260 ## - PUBLICATION, DISTRIBUTION, ETC. (IMPRINT) |
| Place of publication |
Phnom Penh |
| Name of publisher |
RUA |
| Year of publication |
2002 |
| 300 ## - PHYSICAL DESCRIPTION |
| Number of Pages |
vii; 40p. |
| Other physical details |
ill. |
| Dimensions |
29cm. |
| 856 ## - ELECTRONIC LOCATION AND ACCESS |
| Uniform Resource Identifier |
https://drive.google.com/file/d/1srATh9Vdbgev7u9p8UH0mDDllOlVoweQ/view?usp=sharing |
| 942 ## - ADDED ENTRY ELEMENTS (KOHA) |
| Koha item type |
AVM |
| 952 ## - LOCATION AND ITEM INFORMATION (KOHA) |
| Withdrawn status [LOCAL, KOHA] |
0 |
| 952 ## - LOCATION AND ITEM INFORMATION (KOHA) |
| Withdrawn status [LOCAL, KOHA] |
0 |
| 952 ## - LOCATION AND ITEM INFORMATION (KOHA) |
| Withdrawn status [LOCAL, KOHA] |
0 |
| 952 ## - LOCATION AND ITEM INFORMATION (KOHA) |
| Withdrawn status [LOCAL, KOHA] |
0 |